| 000 | 00523nam a2200205Ia 4500 | ||
|---|---|---|---|
| 005 | 20260429112153.0 | ||
| 008 | 260429s9999||||xx |||||||||||||| ||und|| | ||
| 020 | _a9781071875384 | ||
| 041 | _aEnglish | ||
| 082 |
_a172.2 _bBAN |
||
| 100 | _aBanks, Cyndi | ||
| 245 | 0 |
_aCriminal justice ethics : _btheory and practice / _cCyndi Banks |
|
| 250 | _a1st ed. | ||
| 260 |
_aCalifornia : _bSage, _c2025. |
||
| 300 | _axxiii, 641 p.; pbk | ||
| 650 | _a Criminal | ||
| 650 | _a Ethics | ||
| 650 | _aJustice | ||
| 942 | _cTB | ||
| 999 |
_c52706 _d52706 |
||